Central Library OPAC University of Rajshahi

MARC for library use : (Record no. 554)

MARC details
000 -LEADER
fixed length control field 00959nam a2200313 a 4500
001 - CONTROL NUMBER
control field 554
003 - CONTROL NUMBER IDENTIFIER
rucl marc code BD-RjUL
005 - DATE AND TIME OF LATEST TRANSACTION
control field 20211208233211.0
008 - FIXED-LENGTH DATA ELEMENTS--GENERAL INFORMATION
fixed length control field 841004s1984 nyu b 001 0 eng
020 ## - INTERNATIONAL STANDARD BOOK NUMBER
International Standard Book Number 0867291206 :
International Standard Book Number 0867291192 (pbk.) :
International Standard Book Number 0867291206 (hrd.) :
035 ## - SYSTEM CONTROL NUMBER
System control number (BD-RjUL)571
040 ## - CATALOGING SOURCE
Original cataloging agency DLC
Transcribing agency DLC
Modifying agency DLC
-- BD-RjUL
Language of cataloging eng
041 ## - LANGUAGE CODE
Language code of text/sound track or separate title eng
082 00 - DEWEY DECIMAL CLASSIFICATION NUMBER
Classification number 025.302854
Edition number 19
Author mark and year CRM 1984
100 1# - MAIN ENTRY--PERSONAL NAME
Personal name Crawford, Walt.
9 (RLIN) 1696
245 10 - TITLE STATEMENT
Title MARC for library use :
Remainder of title understanding the USMARC formats /
Statement of responsibility, etc. by Walt Crawford.
260 ## - PUBLICATION, DISTRIBUTION, ETC. (IMPRINT)
Place of publication, distribution, etc. White Plains, NY :
Name of publisher, distributor, etc. Knowledge Industry Publications,
Date of publication, distribution, etc. c1984.
300 ## - PHYSICAL DESCRIPTION
Pagination x, 222 p. ;
Size 29 cm.
504 ## - BIBLIOGRAPHY, ETC. NOTE
Bibliography, etc Bibliography: p. 205-213.
Bibliography, etc Includes index.
650 #0 - SUBJECT ADDED ENTRY--TOPICAL TERM
Topical term or geographic name as entry element MARC formats
Geographic subdivision United States.
9 (RLIN) 1698
942 ## - ADDED ENTRY ELEMENTS (KOHA)
Source of classification or shelving scheme Dewey Decimal Classification
Koha item type Books
Holdings
Lost status Source of classification or shelving scheme Damaged status Not for loan Collection code Permanent Location Current Location Shelving location Date acquired Source of acquisition Cost, normal purchase price Total Checkouts Full call number Date last seen Copy number Koha item type
  Dewey Decimal Classification   Not For Loan Non-fiction Central Library, University of Rajshahi Central Library, University of Rajshahi Reading Room 09/04/1991 Not Found. 0.00   025.302854 CRM 1984 18/11/2013 C-1 Books